Top 20 Countries by GDP per capita - Statistics

General Stats
  • This quiz has been taken 17 times
  • The average score is 17 of 20
Answer Stats
Approx Answer % Correct
$158,000 Luxembourg
100%
$126,000 Switzerland
100%
$94,000 United States
100%
$140,000 Ireland
93%
$246,000 Liechtenstein
93%
$256,000 Monaco
93%
$105,000 Norway
93%
$107,000 Singapore
93%
$70,000 Sweden
93%
$61,000 United Kingdom
93%
$75,000 Australia
86%
$67,000 Austria
86%
$65,000 Belgium
86%
$83,000 Denmark
86%
$110,000 Iceland
86%
$79,000 Netherlands
86%
$65,000 Germany
79%
$69,000 Israel
64%
$68,000 Qatar
64%
$70,000 San Marino
64%
No matching quizzes found
Score Distribution
Percent of People with Each Score
Percentile by Number Answered
Your Score History
You have not taken this quiz